000
00241nam a2200121Ia 4500
100
_a
#N/A
942
_c
BK
654
_a
circuit Board
245
_a
Build your own printed circuit board
260
_b
#N/A
546
_a
ENGLISH
999
_c
26393
_d
26393